[Event "FIRST SATURDAY TOURNAMENTS Budapest GM F"]
[Site "Budapest"]
[Date "2012.02.09"]
[Round "6.2"]
[White "Manca, Federico"]
[Black "Horvath, David"]
[Result "1/2-1/2"]
[WhiteElo "2425"]
[BlackElo "2383"]
[PlyCount "32"]
[EventDate "2012.02.04"]

1. e4 e6 2. d4 d5 3. Nc3 Nf6 4. Bg5 dxe4 5. Nxe4 Be7 6. Bxf6 gxf6 7. Qd3 a6 8.
O-O-O f5 9. Nc3 b5 10. Nf3 Bb7 11. Qe3 Nd7 12. g3 Nb6 13. Bg2 Qd6 14. Ne2 O-O-O
15. Nf4 Nc4 16. Qc3 Be4 1/2-1/2

[Event "FIRST SATURDAY TOURNAMENTS Budapest GM F"]
[Site "Budapest"]
[Date "2012.02.09"]
[Round "6.3"]
[White "Zakhartsov, Viacheslav V"]
[Black "Battey, Alexander"]
[Result "1/2-1/2"]
[WhiteElo "2578"]
[BlackElo "2353"]
[PlyCount "76"]
[EventDate "2012.02.04"]

1. d4 Nf6 2. c4 e6 3. Nf3 b6 4. a3 Bb7 5. Nc3 d5 6. cxd5 Nxd5 7. Qc2 Be7 8. e4
Nxc3 9. bxc3 O-O 10. Bd3 c5 11. O-O Qc8 12. Qe2 cxd4 13. cxd4 Ba6 14. Rd1 Bxd3
15. Rxd3 Nd7 16. e5 Re8 17. h4 Qc4 18. Bg5 h6 19. Rc1 Qa6 20. Bxe7 Rxe7 21. Qe4
Rc8 22. Rdc3 Rxc3 23. Rxc3 Nf8 24. Nd2 Rd7 25. h5 Qa4 26. Nf3 Rd5 27. Qe1 Rb5
28. Qc1 Rb3 29. Rc8 Qxa3 30. Qc7 Rb5 31. Ra8 Rd5 32. Kh2 a5 33. Qxb6 Qc1 34. g3
Qf1 35. Qb8 Qxf2+ 36. Kh3 Qf1+ 37. Kh2 Qf2+ 38. Kh3 Qf1+ 1/2-1/2

[Event "FIRST SATURDAY TOURNAMENTS Budapest GM F"]
[Site "Budapest"]
[Date "2012.02.09"]
[Round "6.4"]
[White "Harutjunyan, Gevorg"]
[Black "Kislik, Erik Andrew"]
[Result "1-0"]
[WhiteElo "2482"]
[BlackElo "2380"]
[PlyCount "63"]
[EventDate "2012.02.04"]

1. e4 c5 2. Nc3 d6 3. Nf3 Nf6 4. d4 cxd4 5. Nxd4 a6 6. Be3 e5 7. Nb3 Be7 8. Be2
O-O 9. g4 Be6 10. g5 Ne8 11. Rg1 Nd7 12. f4 exf4 13. Bxf4 Rc8 14. Qd2 Ne5 15.
O-O-O Nc4 16. Bxc4 Rxc4 17. Kb1 Qc8 18. Nd4 b5 19. Nd5 Bxd5 20. exd5 Nc7 21.
Qg2 Qd7 22. Rge1 Rc8 23. h4 Bf8 24. h5 b4 25. Bc1 Nb5 26. Nc6 Na7 27. Qe2 Rc5
28. Nxa7 Qxa7 29. Be3 Qc7 30. Bxc5 Qxc5 31. g6 Qc7 32. Rf1 1-0

[Event "FIRST SATURDAY TOURNAMENTS Budapest GM F"]
[Site "Budapest"]
[Date "2012.02.09"]
[Round "6.5"]
[White "Lizak, Peter"]
[Black "Feher, Adam"]
[Result "1/2-1/2"]
[WhiteElo "2418"]
[BlackElo "2340"]
[PlyCount "33"]
[EventDate "2012.02.04"]

1. g3 Nf6 2. Bg2 e6 3. Nf3 d5 4. c4 dxc4 5. Qa4+ c6 6. Qxc4 b5 7. Qc2 Bb7 8. d4
Nbd7 9. Nc3 Rc8 10. O-O Be7 11. Ne5 Nxe5 12. dxe5 Nd7 13. Qe4 Ba8 14. Rd1 Qc7
15. f4 O-O 16. Be3 b4 17. Na4 1/2-1/2

[Event "FIRST SATURDAY TOURNAMENTS Budapest GM F"]
[Site "Budapest"]
[Date "2012.02.09"]
[Round "6.6"]
[White "Varga, Zoltan"]
[Black "Semiev, Suhrab"]
[Result "1-0"]
[WhiteElo "2452"]
[BlackElo "2386"]
[PlyCount "87"]
[EventDate "2012.02.04"]

1. e4 d6 2. d4 Nf6 3. f3 c6 4. c4 Nbd7 5. Nc3 e5 6. Be3 Be7 7. d5 O-O 8. Nh3
Re8 9. Qd2 Nf8 10. Nf2 Ng6 11. Nd3 Bf8 12. Be2 a6 13. O-O c5 14. Rfb1 Qc7 15.
b4 b6 16. a4 a5 17. bxc5 bxc5 18. Nb5 Qd8 19. Bf1 Nd7 20. g3 Ra6 21. h4 Be7 22.
h5 Ngf8 23. h6 g6 24. g4 Kh8 25. Nc1 Nf6 26. Nb3 N8d7 27. Ra2 Ng8 28. Qc3 Rf8
29. Rg2 Ngf6 30. Bd2 Nb6 31. Nxc5 dxc5 32. Qxe5 Nbd7 33. Qa1 Kg8 34. e5 Ne8 35.
f4 f6 36. d6 Bxd6 37. exd6 Nxd6 38. Rd1 Ne4 39. Be1 Re6 40. Re2 Bb7 41. Bg2 Re7
42. Rd3 Qa8 43. Nc7 Qc8 44. Nd5 1-0

[Event "FIRST SATURDAY TOURNAMENTS Budapest GM F"]
[Site "Budapest"]
[Date "2012.02.10"]
[Round "7.1"]
[White "Semiev, Suhrab"]
[Black "Annageldyev, Orazly"]
[Result "1/2-1/2"]
[WhiteElo "2386"]
[BlackElo "2396"]
[PlyCount "33"]
[EventDate "2012.02.04"]

1. d4 Nf6 2. Nf3 c5 3. e3 d5 4. Bd3 cxd4 5. exd4 g6 6. O-O Bg7 7. Re1 Nc6 8. c3
O-O 9. Nbd2 a6 10. Nb3 b6 11. Bg5 a5 12. a4 h6 13. Bd2 Ba6 14. Nc1 Bxd3 15.
Nxd3 Ne4 16. Nfe5 Nxe5 17. Nxe5 1/2-1/2

[Event "FIRST SATURDAY TOURNAMENTS Budapest GM F"]
[Site "Budapest"]
[Date "2012.02.10"]
[Round "7.2"]
[White "Feher, Adam"]
[Black "Varga, Zoltan"]
[Result "1/2-1/2"]
[WhiteElo "2340"]
[BlackElo "2452"]
[PlyCount "25"]
[EventDate "2012.02.04"]

1. e4 Nf6 2. e5 Nd5 3. c4 Nb6 4. d4 d6 5. exd6 cxd6 6. Nc3 g6 7. Be3 Bg7 8. Rc1
O-O 9. b3 Bf5 10. Nf3 d5 11. c5 Nc8 12. Be2 Bg4 13. O-O 1/2-1/2

[Event "FIRST SATURDAY TOURNAMENTS Budapest GM F"]
[Site "Budapest"]
[Date "2012.02.10"]
[Round "7.3"]
[White "Kislik, Erik Andrew"]
[Black "Lizak, Peter"]
[Result "1/2-1/2"]
[WhiteElo "2380"]
[BlackElo "2418"]
[PlyCount "30"]
[EventDate "2012.02.04"]

1. e4 c6 2. d4 d5 3. e5 Bf5 4. h4 h5 5. c4 e6 6. Nc3 Nd7 7. cxd5 cxd5 8. Bd3
Bxd3 9. Qxd3 Nb8 10. Nf3 Nc6 11. Bg5 Qd7 12. O-O Nge7 13. Rac1 Nf5 14. Nd1 Be7
15. Ne3 Bxg5 1/2-1/2

[Event "FIRST SATURDAY TOURNAMENTS Budapest GM F"]
[Site "Budapest"]
[Date "2012.02.10"]
[Round "7.4"]
[White "Battey, Alexander"]
[Black "Harutjunyan, Gevorg"]
[Result "1/2-1/2"]
[WhiteElo "2353"]
[BlackElo "2482"]
[PlyCount "87"]
[EventDate "2012.02.04"]

1. e4 c6 2. d4 d5 3. e5 Bf5 4. h4 h5 5. c4 e6 6. Nc3 Nd7 7. cxd5 cxd5 8. Bg5 f6
9. exf6 gxf6 10. Bf4 Qb6 11. Qd2 Rc8 12. Bb5 Bb4 13. Nge2 Ne7 14. O-O Ng6 15.
Bd3 Nxh4 16. Bg3 Bxc3 17. bxc3 Bxd3 18. Qxd3 Nf5 19. Nf4 Kf7 20. Rfe1 Qa6 21.
Qf3 Ng7 22. Bh4 Qc6 23. Rac1 b5 24. Re2 Rh6 25. Rce1 Qxc3 26. Re3 Qxd4 27. Nxe6
Nxe6 28. Rxe6 Nf8 29. Re7+ Kg8 30. Qf5 Rd8 31. Bg3 Qg4 32. Qxg4+ hxg4 33. Rxa7
Rh7 34. Ra5 Rb7 35. Rb1 d4 36. Raxb5 Rxb5 37. Rxb5 Ne6 38. Rb8 Kf7 39. Rxd8
Nxd8 40. a4 Nc6 41. Bc7 Ke6 42. Kf1 Kd5 43. Ke2 f5 44. a5 1/2-1/2

[Event "FIRST SATURDAY TOURNAMENTS Budapest GM F"]
[Site "Budapest"]
[Date "2012.02.10"]
[Round "7.5"]
[White "Horvath, David"]
[Black "Zakhartsov, Viacheslav V"]
[Result "1/2-1/2"]
[WhiteElo "2383"]
[BlackElo "2578"]
[PlyCount "81"]
[EventDate "2012.02.04"]

1. d4 Nf6 2. Nf3 e6 3. c4 b6 4. g3 Bb7 5. Bg2 c6 6. O-O Be7 7. Nc3 d5 8. Qa4
O-O 9. Ne5 Nfd7 10. Nxd7 Nxd7 11. e4 dxc4 12. Qxc4 b5 13. Qb3 b4 14. Ne2 c5 15.
Be3 Qb6 16. Rfd1 Rac8 17. Rac1 Ba6 18. Nf4 cxd4 19. Bxd4 Bc5 20. Bxc5 Nxc5 21.
Qe3 Na4 22. Qb3 Rxc1 23. Rxc1 Nc5 24. Qe3 Rc8 25. Bf1 Bb7 26. Nd3 Nxd3 27.
Rxc8+ Bxc8 28. Qxb6 axb6 29. Bxd3 e5 30. Kf1 Kf8 31. Ke2 Be6 32. b3 Ke7 33. Ke3
Kd6 34. Bc2 Kc5 35. Bd3 f6 36. Bc2 g5 37. Bd3 Bf7 38. g4 h5 39. h3 hxg4 40.
hxg4 Be6 41. f3 1/2-1/2

[Event "FIRST SATURDAY TOURNAMENTS Budapest GM F"]
[Site "Budapest"]
[Date "2012.02.10"]
[Round "7.6"]
[White "Atabayev, Yusup"]
[Black "Manca, Federico"]
[Result "1-0"]
[WhiteElo "2413"]
[BlackElo "2425"]
[PlyCount "83"]
[EventDate "2012.02.04"]

1. e4 e5 2. Nf3 Nc6 3. Bb5 a6 4. Ba4 Nf6 5. O-O Be7 6. Qe2 b5 7. Bb3 d6 8. a4
Bg4 9. c3 Bxf3 10. Qxf3 O-O 11. Rd1 Na5 12. Bc2 b4 13. d4 Nd7 14. Qg3 Rb8 15.
Nd2 Bg5 16. Qd3 b3 17. Bb1 c5 18. Qxa6 cxd4 19. cxd4 Qc7 20. Qe2 Nc6 21. Nf3
Nxd4 22. Nxd4 Bxc1 23. Nf5 Qc5 24. Bd3 Bh6 25. a5 d5 26. exd5 Nf6 27. Ng3 Rfe8
28. Ne4 Nxe4 29. Qxe4 g6 30. Qc4 Qxc4 31. Bxc4 Rb4 32. Be2 e4 33. a6 e3 34. d6
exf2+ 35. Kxf2 Be3+ 36. Kf1 Rf4+ 37. Bf3 Ba7 38. Rac1 Rd8 39. d7 Kf8 40. Rc7 g5
41. Rxa7 g4 42. Ra8 1-0

[Event "FIRST SATURDAY TOURNAMENTS Budapest GM F"]
[Site "Budapest"]
[Date "2012.02.11"]
[Round "8.1"]
[White "Annageldyev, Orazly"]
[Black "Manca, Federico"]
[Result "1-0"]
[WhiteElo "2396"]
[BlackElo "2425"]
[PlyCount "71"]
[EventDate "2012.02.04"]

1. e4 c6 2. d4 d5 3. e5 c5 4. dxc5 Nc6 5. Nf3 Bg4 6. h3 Bxf3 7. Qxf3 e6 8. b4
Nxb4 9. Bb5+ Nc6 10. O-O Bxc5 11. Qg3 g6 12. Nd2 Nge7 13. Nb3 Bb6 14. Bg5 Qc7
15. Bf6 Rg8 16. a4 a6 17. a5 Ba7 18. Bxc6+ Qxc6 19. Qh4 Nf5 20. Qb4 Qb5 21. Qa3
Rc8 22. g4 Rxc2 23. gxf5 gxf5+ 24. Kh1 Bc5 25. Nxc5 Qxc5 26. Qxc5 Rxc5 27. Rab1
Rc7 28. Rb4 Kd7 29. Rh4 Kc8 30. Rxh7 d4 31. Rd1 Rc2 32. Bh4 d3 33. Rxd3 Rc1+
34. Kh2 f4 35. Rxf7 Rcg1 36. Bg3 1-0

[Event "FIRST SATURDAY TOURNAMENTS Budapest GM F"]
[Site "Budapest"]
[Date "2012.02.11"]
[Round "8.2"]
[White "Zakhartsov, Viacheslav V"]
[Black "Atabayev, Yusup"]
[Result "1-0"]
[WhiteElo "2578"]
[BlackElo "2413"]
[PlyCount "89"]
[EventDate "2012.02.04"]

1. Nf3 Nf6 2. c4 c5 3. Nc3 d5 4. cxd5 Nxd5 5. d4 Nc6 6. e4 Nxc3 7. bxc3 cxd4 8.
cxd4 e6 9. Bc4 Bb4+ 10. Bd2 Qa5 11. Rb1 Bxd2+ 12. Qxd2 O-O 13. Bb5 Qxd2+ 14.
Kxd2 Na5 15. Rhc1 b6 16. Ke3 Bb7 17. Rc7 Rac8 18. Rbc1 Rxc7 19. Rxc7 Rc8 20.
Rxc8+ Bxc8 21. d5 exd5 22. exd5 Nb7 23. Ne5 Nd6 24. Bd3 Kf8 25. Kd4 Bf5 26. Nc6
Bxd3 27. Kxd3 a5 28. Ne5 Ke7 29. Nc4 Nc8 30. a4 Kd7 31. Kd4 f6 32. h4 Kc7 33.
g4 h6 34. h5 Kd7 35. f4 Kc7 36. Ne3 b5 37. axb5 Kb6 38. Nf5 Kxb5 39. Nxg7 Kb4
40. Nf5 a4 41. Ne3 Kb3 42. Kd3 Nd6 43. g5 a3 44. g6 Ne4 45. g7 1-0

[Event "FIRST SATURDAY TOURNAMENTS Budapest GM F"]
[Site "Budapest"]
[Date "2012.02.11"]
[Round "8.3"]
[White "Harutjunyan, Gevorg"]
[Black "Horvath, David"]
[Result "1-0"]
[WhiteElo "2482"]
[BlackElo "2383"]
[PlyCount "91"]
[EventDate "2012.02.04"]

1. Nf3 Nf6 2. g3 b6 3. Bg2 Bb7 4. c4 e6 5. Nc3 Be7 6. O-O O-O 7. Re1 d5 8. cxd5
exd5 9. d4 c5 10. Ne5 Nbd7 11. Bf4 Nxe5 12. Bxe5 Ne4 13. dxc5 Bxc5 14. e3 Qe7
15. Bd4 Rac8 16. Rc1 Bb4 17. Qg4 g6 18. Red1 Nxc3 19. bxc3 Bc5 20. h4 Bxd4 21.
Rxd4 Rc5 22. h5 Qe5 23. hxg6 hxg6 24. Qd7 Qc7 25. Qa4 Rc8 26. Rh4 Rxc3 27. Rxc3
Qxc3 28. Qxa7 Qc7 29. Rb4 Ba8 30. Qxb6 Qxb6 31. Rxb6 d4 32. exd4 Bxg2 33. Kxg2
Rc4 34. d5 Ra4 35. d6 Kg7 36. d7 Rd4 37. Rb7 Kf6 38. a4 Ke7 39. a5 Ra4 40. Ra7
g5 41. Kh3 f5 42. a6 Ra1 43. Ra8 Kxd7 44. a7 Ke7 45. Rg8 g4+ 46. Kg2 1-0

[Event "FIRST SATURDAY TOURNAMENTS Budapest GM F"]
[Site "Budapest"]
[Date "2012.02.11"]
[Round "8.5"]
[White "Varga, Zoltan"]
[Black "Kislik, Erik Andrew"]
[Result "1/2-1/2"]
[WhiteElo "2452"]
[BlackElo "2380"]
[PlyCount "74"]
[EventDate "2012.02.04"]

1. d4 Nf6 2. c4 e6 3. Nf3 b6 4. g3 Ba6 5. b3 Bb4+ 6. Bd2 Be7 7. Bg2 c6 8. Bc3
d5 9. Ne5 Nfd7 10. Nxd7 Nxd7 11. Nd2 O-O 12. O-O Rc8 13. e4 b5 14. Re1 bxc4 15.
bxc4 dxc4 16. Qa4 Bb5 17. Qc2 Re8 18. a4 Ba6 19. Bf1 c5 20. d5 exd5 21. exd5
Bf6 22. Rxe8+ Qxe8 23. Nxc4 Bxc4 24. Bxc4 Bxc3 25. Qxc3 Qe5 26. Qxe5 Nxe5 27.
Be2 Kf8 28. f4 Nd7 29. d6 Nf6 30. Rc1 Ne4 31. d7 Rd8 32. Bb5 Ke7 33. Re1 f5 34.
g4 g6 35. Kg2 a6 36. gxf5 gxf5 37. Bxa6 Rxd7 1/2-1/2

[Event "FIRST SATURDAY TOURNAMENTS Budapest GM F"]
[Site "Budapest"]
[Date "2012.02.11"]
[Round "8.6"]
[White "Semiev, Suhrab"]
[Black "Feher, Adam"]
[Result "1/2-1/2"]
[WhiteElo "2386"]
[BlackElo "2340"]
[PlyCount "57"]
[EventDate "2012.02.04"]

1. d4 d5 2. Nf3 Nf6 3. g3 c6 4. Bg2 Bf5 5. O-O e6 6. b3 Nbd7 7. Nbd2 Be7 8. c4
O-O 9. Bb2 a5 10. a3 Ne4 11. Re1 h6 12. e3 a4 13. c5 axb3 14. Nxb3 b6 15. Nfd2
Nxd2 16. Qxd2 bxc5 17. dxc5 Qc7 18. e4 dxe4 19. Bxe4 Bxe4 20. Rxe4 Rab8 21. Rb4
Rfd8 22. Qc2 Bf6 23. Nd4 Ne5 24. Kg2 Qd7 25. Qb3 Rxb4 26. axb4 Ng4 27. Nf3 Bxb2
28. Qxb2 Qd5 29. h3 1/2-1/2

[Event "FIRST SATURDAY TOURNAMENTS Budapest GM F"]
[Site "Budapest"]
[Date "2012.02.12"]
[Round "9.1"]
[White "Feher, Adam"]
[Black "Annageldyev, Orazly"]
[Result "1/2-1/2"]
[WhiteElo "2340"]
[BlackElo "2396"]
[PlyCount "67"]
[EventDate "2012.02.04"]

1. e4 c5 2. Nf3 d6 3. d4 cxd4 4. Nxd4 Nf6 5. Nc3 Nc6 6. Bg5 e6 7. Qd2 a6 8.
O-O-O Bd7 9. f4 b5 10. Bxf6 gxf6 11. Kb1 Qb6 12. Nxc6 Bxc6 13. f5 Qc5 14. Bd3
h5 15. fxe6 fxe6 16. e5 fxe5 17. Qg5 Be7 18. Qg6+ Kd7 19. Ne4 Bxe4 20. Qxe4 Qc6
21. Qe3 Kc7 22. c4 bxc4 23. Bxc4 Qb6 24. Qxb6+ Kxb6 25. Bxe6 Rh6 26. Bd5 Rc8
27. Rd3 Rc5 28. b4 Rc8 29. Rc1 Rxc1+ 30. Kxc1 Kb5 31. a3 a5 32. bxa5 Kxa5 33.
Kc2 Rf6 34. Rf3 1/2-1/2

[Event "FIRST SATURDAY TOURNAMENTS Budapest GM F"]
[Site "Budapest"]
[Date "2012.02.12"]
[Round "9.2"]
[White "Kislik, Erik Andrew"]
[Black "Semiev, Suhrab"]
[Result "1/2-1/2"]
[WhiteElo "2380"]
[BlackElo "2386"]
[PlyCount "21"]
[EventDate "2012.02.04"]

1. d4 d5 2. c4 e5 3. dxe5 d4 4. Nf3 Nc6 5. Nbd2 Be6 6. Nb3 Bb4+ 7. Bd2 Be7 8.
Bc1 Bb4+ 9. Bd2 Be7 10. Bc1 Bb4+ 11. Bd2 1/2-1/2

[Event "FIRST SATURDAY TOURNAMENTS Budapest GM F"]
[Site "Budapest"]
[Date "2012.02.12"]
[Round "9.3"]
[White "Battey, Alexander"]
[Black "Varga, Zoltan"]
[Result "1/2-1/2"]
[WhiteElo "2353"]
[BlackElo "2452"]
[PlyCount "21"]
[EventDate "2012.02.04"]

1. e4 e5 2. Nf3 Nf6 3. Nxe5 d6 4. Nf3 Nxe4 5. Qe2 Qe7 6. Nc3 Nxc3 7. Qxe7+ Bxe7
8. dxc3 Nc6 9. Be3 Be6 10. Nd4 Nxd4 11. cxd4 1/2-1/2

[Event "FIRST SATURDAY TOURNAMENTS Budapest GM F"]
[Site "Budapest"]
[Date "2012.02.12"]
[Round "9.4"]
[White "Horvath, David"]
[Black "Lizak, Peter"]
[Result "1-0"]
[WhiteElo "2383"]
[BlackElo "2418"]
[PlyCount "101"]
[EventDate "2012.02.04"]

1. d4 Nf6 2. Nf3 e6 3. c4 Nc6 4. a3 d6 5. Nc3 e5 6. g3 Bg4 7. d5 Nb8 8. Bg2 Be7
9. O-O O-O 10. h3 Bxf3 11. Bxf3 a5 12. e4 Nfd7 13. h4 Nb6 14. b3 N8d7 15. Be2
g6 16. Bh6 Re8 17. Bd3 Nc5 18. Bc2 Qd7 19. Kg2 Bf8 20. Be3 Qe7 21. Qe2 Ncd7 22.
h5 Bg7 23. Rh1 c6 24. dxc6 bxc6 25. Rad1 Nc8 26. b4 axb4 27. axb4 Ra3 28. Qd3
Qe6 29. Ba4 Ncb6 30. Bxc6 Rc8 31. Bxd7 Nxd7 32. Qxd6 Qxc4 33. Qxd7 Rxc3 34.
hxg6 Qxe4+ 35. Kh2 hxg6 36. b5 Qc2 37. Rc1 Qf5 38. Qxf5 gxf5 39. Rxc3 Rxc3 40.
Rb1 Rc7 41. b6 Rb7 42. Rc1 f4 43. Rc8+ Kh7 44. Bc5 fxg3+ 45. Kxg3 Kg6 46. Rc7
Rb8 47. b7 e4 48. Bd6 Rd8 49. Rc8 Rxd6 50. b8=Q Be5+ 51. Kg2 1-0

[Event "FIRST SATURDAY TOURNAMENTS Budapest GM F"]
[Site "Budapest"]
[Date "2012.02.12"]
[Round "9.5"]
[White "Atabayev, Yusup"]
[Black "Harutjunyan, Gevorg"]
[Result "0-1"]
[WhiteElo "2413"]
[BlackElo "2482"]
[PlyCount "56"]
[EventDate "2012.02.04"]

1. e4 c6 2. d4 d5 3. exd5 cxd5 4. Bd3 Nc6 5. c3 Qc7 6. h3 g6 7. Nf3 Bg7 8. O-O
Nf6 9. Na3 O-O 10. Be3 Bf5 11. Bxf5 gxf5 12. Qc1 Ne4 13. Bf4 Qb6 14. Rb1 f6 15.
Nh4 e5 16. Bh6 f4 17. Bxg7 Kxg7 18. Qd1 Rad8 19. Nc2 Kh8 20. Qh5 Rg8 21. Rfd1
Rg5 22. Qf7 Rg7 23. Qe6 Rd6 24. Qe8+ Rg8 25. Qh5 Rd7 26. Qf5 Rdg7 27. Qe6 Qd8
28. Kf1 Re7 0-1

[Event "FIRST SATURDAY TOURNAMENTS Budapest GM F"]
[Site "Budapest"]
[Date "2012.02.13"]
[Round "10.2"]
[White "Harutjunyan, Gevorg"]
[Black "Manca, Federico"]
[Result "1/2-1/2"]
[WhiteElo "2482"]
[BlackElo "2425"]
[PlyCount "90"]
[EventDate "2012.02.04"]

1. e4 c6 2. d4 d5 3. f3 Qb6 4. e5 e6 5. c4 c5 6. cxd5 exd5 7. Bd3 Nc6 8. Ne2
cxd4 9. O-O Nxe5 10. Na3 Bxa3 11. bxa3 Nxd3 12. Qxd3 Ne7 13. Nxd4 O-O 14. Be3
Nf5 15. Rab1 Qf6 16. Nb5 Nxe3 17. Qxe3 Bf5 18. Rbd1 Rfe8 19. Qf2 Qc6 20. a4 Qd7
21. Rc1 Bd3 22. Rc7 Qd8 23. Rfc1 Re7 24. Rxe7 Qxe7 25. Qxa7 Rxa7 26. Rc8+ Qf8
27. Nxa7 Bc4 28. Kf2 Bxa2 29. Ke3 Bc4 30. Kd4 Bf1 31. g3 Bh3 32. Rxf8+ Kxf8 33.
Kxd5 Bg2 34. Ke4 Ke7 35. Nb5 b6 36. Na3 Bf1 37. f4 Kd6 38. Kd4 f6 39. Nc2 Bh3
40. Ne3 Bd7 41. Nd5 Bxa4 42. Nxb6 Bb3 43. Kc3 Be6 44. Kd4 Bb3 45. Kc3 Be6
1/2-1/2

[Event "FIRST SATURDAY TOURNAMENTS Budapest GM F"]
[Site "Budapest"]
[Date "2012.02.13"]
[Round "10.3"]
[White "Lizak, Peter"]
[Black "Atabayev, Yusup"]
[Result "1-0"]
[WhiteElo "2418"]
[BlackElo "2413"]
[PlyCount "91"]
[EventDate "2012.02.04"]

1. c4 Nf6 2. Nf3 c5 3. g3 d5 4. cxd5 Nxd5 5. Bg2 Nc6 6. Nc3 Nc7 7. O-O e5 8. a3
Be6 9. b4 cxb4 10. axb4 e4 11. Nxe4 Bxb4 12. Qc2 Qe7 13. Bb2 f6 14. Nd4 O-O 15.
Nxc6 bxc6 16. Qxc6 Nd5 17. Nc5 Bxc5 18. Bxd5 Bxd5 19. Qxd5+ Kh8 20. Qf3 Rad8
21. Rfd1 Rfe8 22. d4 Bb6 23. e3 Kg8 24. Ba3 Qe6 25. Rdc1 Rd5 26. Bc5 Bxc5 27.
Rxc5 Rxc5 28. dxc5 Qe5 29. Rc1 Rc8 30. c6 a5 31. Qg4 Qc7 32. h4 Kf8 33. Qc4 Qd6
34. Qa6 Qc7 35. Rc5 Ke7 36. Qd3 h6 37. Qa3 Qd6 38. Qxa5 Rxc6 39. Qa7+ Ke6 40.
Rxc6 Qxc6 41. Qxg7 Qc1+ 42. Kh2 Qf1 43. Qg4+ Ke7 44. Qf5 Kf7 45. e4 Kg7 46. h5
1-0

[Event "FIRST SATURDAY TOURNAMENTS Budapest GM F"]
[Site "Budapest"]
[Date "2012.02.13"]
[Round "10.4"]
[White "Varga, Zoltan"]
[Black "Horvath, David"]
[Result "1/2-1/2"]
[WhiteElo "2452"]
[BlackElo "2383"]
[PlyCount "38"]
[EventDate "2012.02.04"]

1. e4 e6 2. d4 d5 3. Nc3 Nf6 4. e5 Nfd7 5. f4 c5 6. Nf3 Nc6 7. Be3 Qb6 8. Na4
Qa5+ 9. c3 c4 10. b4 Qc7 11. Be2 Be7 12. O-O O-O 13. Nb2 b5 14. a4 bxa4 15.
Rxa4 a5 16. bxa5 Rxa5 17. Qc2 Rxa4 18. Nxa4 Nb6 19. Nxb6 Qxb6 1/2-1/2

[Event "FIRST SATURDAY TOURNAMENTS Budapest GM F"]
[Site "Budapest"]
[Date "2012.02.13"]
[Round "10.5"]
[White "Semiev, Suhrab"]
[Black "Battey, Alexander"]
[Result "1/2-1/2"]
[WhiteElo "2386"]
[BlackElo "2353"]
[PlyCount "114"]
[EventDate "2012.02.04"]

1. d4 e6 2. Nf3 f5 3. g3 Nf6 4. Bg2 d5 5. O-O Bd6 6. c4 c6 7. Nc3 O-O 8. Qc2
Bd7 9. Qb3 Qb6 10. Qc2 Qd8 11. Bg5 h6 12. Bxf6 Qxf6 13. Qb3 Bc8 14. cxd5 exd5
15. e4 fxe4 16. Nxe4 Qe6 17. Nxd6 Qxd6 18. Ne5 Nd7 19. f4 Nxe5 20. dxe5 Qc5+
21. Kh1 Qb6 22. Qc3 Be6 23. Qc2 Bf5 24. Qe2 Qd4 25. Rad1 Qc4 26. Qxc4 dxc4 27.
Rd4 Rad8 28. Rfd1 Rxd4 29. Rxd4 Kf7 30. Kg1 Ke7 31. Kf2 c5 32. Rxc4 b6 33. Rc3
Rd8 34. Ke2 g5 35. Ra3 a5 36. Rb3 b5 37. Rc3 c4 38. Ke3 gxf4+ 39. gxf4 Rd1 40.
Bc6 Re1+ 41. Kd4 Bd3 42. Bxb5 Re4+ 43. Kc5 Rxf4 44. Bxc4 Bxc4 45. Rxc4 Rf2 46.
Rh4 Rc2+ 47. Kd5 Rd2+ 48. Kc4 Rxb2 49. a3 a4 50. Rxh6 Rb3 51. h4 Rxa3 52. Kd5
Rd3+ 53. Ke4 Rd8 54. h5 a3 55. Ra6 Rh8 56. Kd5 Rd8+ 57. Ke4 Rh8 1/2-1/2

[Event "FIRST SATURDAY TOURNAMENTS Budapest GM F"]
[Site "Budapest"]
[Date "2012.02.13"]
[Round "10.6"]
[White "Feher, Adam"]
[Black "Kislik, Erik Andrew"]
[Result "1/2-1/2"]
[WhiteElo "2340"]
[BlackElo "2380"]
[PlyCount "32"]
[EventDate "2012.02.04"]

1. e4 e6 2. d4 d5 3. Nc3 Nf6 4. e5 Nfd7 5. f4 c5 6. Nf3 Nc6 7. Be3 cxd4 8. Nxd4
Bc5 9. Qd2 O-O 10. O-O-O a6 11. Kb1 Nxd4 12. Bxd4 b5 13. Bxc5 Nxc5 14. Qd4 Qc7
15. Bd3 Bb7 16. Rhf1 Rfe8 1/2-1/2

[Event "FIRST SATURDAY TOURNAMENTS Budapest GM F"]
[Site "Budapest"]
[Date "2012.02.14"]
[Round "11.1"]
[White "Kislik, Erik Andrew"]
[Black "Annageldyev, Orazly"]
[Result "1/2-1/2"]
[WhiteElo "2380"]
[BlackElo "2396"]
[PlyCount "75"]
[EventDate "2012.02.04"]

1. e4 c5 2. Nf3 Nc6 3. Bb5 d6 4. O-O Bd7 5. Re1 a6 6. Bf1 Nf6 7. c3 e6 8. d4
cxd4 9. cxd4 d5 10. exd5 Nxd5 11. Nc3 Be7 12. Bd3 O-O 13. Bc2 Ncb4 14. Bb1 Nf6
15. Bg5 Bc6 16. a3 Bxf3 17. Qxf3 Nbd5 18. Qd3 g6 19. Ba2 Re8 20. Rad1 Qd7 21.
Qf3 Kg7 22. Bxd5 exd5 23. h4 Rad8 24. h5 Nxh5 25. Rxe7 Rxe7 26. g4 f6 27. Be3
g5 28. gxh5 h6 29. Kh1 f5 30. Rg1 Kh8 31. Ne2 Re4 32. Nc3 Rh4+ 33. Kg2 f4 34.
Bd2 Rg4+ 35. Kh1 Rh4+ 36. Kg2 Rg4+ 37. Kh1 Rh4+ 38. Kg2 1/2-1/2

[Event "FIRST SATURDAY TOURNAMENTS Budapest GM F"]
[Site "Budapest"]
[Date "2012.02.14"]
[Round "11.2"]
[White "Battey, Alexander"]
[Black "Feher, Adam"]
[Result "1/2-1/2"]
[WhiteElo "2353"]
[BlackElo "2340"]
[PlyCount "41"]
[EventDate "2012.02.04"]

1. d4 d5 2. c4 c6 3. Nf3 Nf6 4. Nc3 dxc4 5. a4 Bf5 6. Nh4 Bc8 7. Nf3 Bf5 8. e3
e6 9. Bxc4 Bb4 10. O-O O-O 11. Qe2 Bg6 12. Ne5 Bh5 13. f3 Nfd7 14. Nd3 Be7 15.
a5 b5 16. axb6 Nxb6 17. Ba2 Bg6 18. Ne4 N8d7 19. Bd2 c5 20. dxc5 Bxe4 21. cxb6
1/2-1/2

[Event "FIRST SATURDAY TOURNAMENTS Budapest GM F"]
[Site "Budapest"]
[Date "2012.02.14"]
[Round "11.3"]
[White "Horvath, David"]
[Black "Semiev, Suhrab"]
[Result "1-0"]
[WhiteElo "2383"]
[BlackElo "2386"]
[PlyCount "111"]
[EventDate "2012.02.04"]

1. d4 d5 2. c4 e5 3. dxe5 d4 4. Nf3 Nc6 5. g3 Nge7 6. Bg2 Ng6 7. Bg5 Qd7 8. e3
Bb4+ 9. Nbd2 dxe3 10. Bxe3 Qd3 11. a3 Be7 12. Nd4 Nxd4 13. Be4 Nc2+ 14. Qxc2
Qxc2 15. Bxc2 Nxe5 16. Bf4 f6 17. O-O-O Bg4 18. f3 Nxf3 19. h3 Bh5 20. g4 Nxd2
21. Rxd2 Bf7 22. Re1 Kf8 23. Rd7 Bd6 24. Bxd6+ cxd6 25. Ree7 Bxc4 26. Rxg7 h5
27. Bf5 hxg4 28. Bxg4 Bd5 29. Rg6 Rc8+ 30. Kd1 Ke8 31. Rxf6 Bc6 32. Rdxd6 Rd8
33. Kd2 Ke7 34. Rfe6+ Kf7 35. Rf6+ Ke7 36. Rfe6+ Kf7 37. Kc3 Rxd6 38. Rxd6 Kg7
39. Kd4 Rf8 40. Ke5 Rf1 41. Rd2 Rf8 42. Bd7 Bh1 43. Kd6 Kh6 44. Kc7 Kg5 45. Be6
Rh8 46. Bd5 Rh7+ 47. Kc8 Bxd5 48. Rxd5+ Kf4 49. Rd7 Rxh3 50. Rxb7 a5 51. Kc7
Ke4 52. Kb6 Rb3+ 53. Ka6 a4 54. Rb4+ Kd5 55. Rxb3 axb3 56. Kb5 1-0

[Event "FIRST SATURDAY TOURNAMENTS Budapest GM F"]
[Site "Budapest"]
[Date "2012.02.14"]
[Round "11.5"]
[White "Manca, Federico"]
[Black "Lizak, Peter"]
[Result "1/2-1/2"]
[WhiteElo "2425"]
[BlackElo "2418"]
[PlyCount "23"]
[EventDate "2012.02.04"]

1. e4 e6 2. d4 d5 3. exd5 exd5 4. Bd3 Bd6 5. Nf3 Nf6 6. O-O O-O 7. h3 h6 8. Be3
Be6 9. Qd2 Qd7 10. Bf4 Nc6 11. Bxd6 Qxd6 12. Nc3 1/2-1/2

[Event "FIRST SATURDAY TOURNAMENTS Budapest GM F"]
[Site "Budapest"]
[Date "2012.02.14"]
[Round "11.6"]
[White "Zakhartsov, Viacheslav V"]
[Black "Harutjunyan, Gevorg"]
[Result "1/2-1/2"]
[WhiteElo "2578"]
[BlackElo "2482"]
[PlyCount "20"]
[EventDate "2012.02.04"]

1. e4 e5 2. Nf3 Nc6 3. Bb5 Nf6 4. O-O Nxe4 5. d4 Nd6 6. Bxc6 dxc6 7. dxe5 Nf5
8. Qxd8+ Kxd8 9. Nc3 h6 10. Rd1+ Ke8 1/2-1/2